000 00840nam a2200241 i 4500
001 169065
003 ES-MaACL
005 20250812062533.0
008 080806s19541954sp |||| | spa d
080 _a301
100 1 _aGalindo Herrero, Santiago,
_d1920-1977
_953440
245 1 0 _aOrden y jerarquía en la estructura social /
_cSantiago Galindo Herrero.
260 _aMadrid :
_bAteneo,
_c1954.
300 _a44 p. :
_b1 lam. ;
_c19 cm.
490 1 _aColección "O crece o muere" ;
_v55
500 _aEl original fue dado a conocer por el autor, en el Ateneo de Zaragoza, el día 13 de febrero de 1954.
650 0 4 _aEstructura social.
_9138146
710 2 _aAteneo de Madrid.
_91875
830 0 0 _aColección "O crece o muere"
_v55
_9183476
852 1 _aBA
_jJ-24(55)
852 _aES-MaACL
_jJ-25(55)
999 _c169065
_d169065